Geography Quiz

Random Geography or Blitz Quiz

Europe 5 to 1 Blitz Quiz Stats

 Plays Quiz Updated Jun 13, 2016

Also try: 3-Letter Europe
Challenge
Share
Tweet
Embed
Score 0/15 Timer 02:00
5 Plays Today
% Correct
Belgium
88.6%
Hungary
87.3%
Andorra
83.4%
Norway
82.9%
Netherlands
81.8%
Austria
79.2%
Malta
78.9%
Macedonia
78.9%
% Correct
Belarus
78.7%
Monaco
77%
Albania
75.7%
Moldova
75%
Bulgaria
74.5%
Montenegro
72.1%
Bosnia and Herzegovina
69%

You're not logged in!

Compare scores with friends on all Sporcle quizzes.
OR
Log In

You Might Also Like...

Show Comments

Extras

Top Quizzes Today


Score Distribution

Your Account Isn't Verified!

In order to create a playlist on Sporcle, you need to verify the email address you used during registration. Go to your Sporcle Settings to finish the process.

Report this User

Report this user for behavior that violates our Community Guidelines.

Details: